Normal view
MARC view
- Butterfield, Herbert
Entry Personal Name
001 - CONTROL NUMBER
- control field: 46080
003 - CONTROL NUMBER IDENTIFIER
- control field: NUST
005 - DATE AND TIME OF LATEST TRANSACTION
- control field: 20210314133419.0
008 - FIXED-LENGTH DATA ELEMENTS
- fixed length control field: 210314|| aca||aabn | a|a d
040 ## - CATALOGING SOURCE
- Original cataloging agency: NUST
- Transcribing agency: NUST
100 ## - HEADING--PERSONAL NAME
- Personal name: Butterfield, Herbert
670 ## - SOURCE DATA FOUND
- Source citation: Work cat.: (NUST): Butterfield, Herbert,, Man on his past;, [1960]
